|
|
|
|
| LEADER |
01086nam a2200277 a 4500 |
| 001 |
c000008810 |
| 003 |
CARM |
| 005 |
00000000000000.0 |
| 008 |
860509s1986 enk b 00010 eng |
| 019 |
1 |
|
|a 4568811
|5 LACONCORD2021
|
| 020 |
|
|
|a 0198533691 (pbk.) :
|c $24.50
|
| 035 |
|
|
|a (OCoLC)13642659
|5 LACONCORD2021
|
| 050 |
0 |
0 |
|a QA246
|b .T44 1986
|
| 100 |
1 |
|
|a Titchmarsh, E. C.
|q (Edward Charles),
|d 1899-
|
| 245 |
1 |
4 |
|a The theory of the Riemann zeta-function /
|c by E.C. Titchmarsh.
|
| 250 |
|
|
|a 2nd ed. /
|b revised by D.R. Heath-Brown.
|
| 260 |
|
|
|a Oxford [Oxfordshire] :
|b Clarendon Press ;
|a New York :
|b Oxford University Press,
|c 1986.
|
| 300 |
|
|
|a x, 412 p. ;
|c 24 cm.
|
| 440 |
|
0 |
|a Oxford science publications
|
| 504 |
|
|
|a Bibliography: p. [392]-412.
|
| 650 |
|
0 |
|a Functions, Zeta.
|
| 700 |
2 |
0 |
|a Heath-Brown, D. R.
|
| 852 |
8 |
|
|b CARM
|h A2:AH22D0
|i C04126
|p 0095671
|f BK
|
| 082 |
0 |
4 |
|a 512/.73
|2 19
|
| 999 |
f |
f |
|i 6fcb0ab9-aa35-52ca-a217-e3063a17e0c9
|s 4fed797a-be94-5e25-a2e4-d12f82ad96c4
|
| 952 |
f |
f |
|p Can circulate
|a CAVAL
|b CAVAL
|c CAVAL
|d CARM 1 Store
|e C04126
|f A2:AH22D0
|h Other scheme
|i book
|m 0095671
|